A pescar pensamientos / (Registro nro. 4264)

Detalles MARC
000 -LEADER
fixed length control field 01116nam a2200253Ia 4500
003 - CONTROL NUMBER IDENTIFIER
control field OSt
005 - DATE AND TIME OF LATEST TRANSACTION
control field 20200505171330.0
008 - FIXED-LENGTH DATA ELEMENTS--GENERAL INFORMATION
fixed length control field 191128s2013 ck a br 000 j spa d
020 ## - INTERNATIONAL STANDARD BOOK NUMBER
International Standard Book Number 9789584504661
040 ## - CATALOGING SOURCE
Original cataloging agency CO-JMCR
Transcribing agency CO-JMCR
041 0# - LANGUAGE CODE
Language code of text/sound track or separate title spa
082 ## - DEWEY DECIMAL CLASSIFICATION NUMBER
Classification number C /
Item number MASa
100 ## - MAIN ENTRY--PERSONAL NAME
Personal name Masini, Beatrice,
Relator term autora
9 (RLIN) 3952
245 12 - TITLE STATEMENT
Title A pescar pensamientos /
Statement of responsibility, etc. Beatrice Masini ; iluistraciones Lucia Salemi ; traducción Fedry Ordóñez
250 ## - EDITION STATEMENT
Edition statement Primera edición
260 ## - PUBLICATION, DISTRIBUTION, ETC.
Place of publication, distribution, etc. Bogotá :
Name of publisher, distributor, etc. Norma,
Date of publication, distribution, etc. 2003
300 ## - PHYSICAL DESCRIPTION
Extent 85 páginas :
Other physical details ilustraciones a color ;
Dimensions 19 cm
490 0# - SERIES STATEMENT
Series statement Torre de papel naraja
500 ## - GENERAL NOTE
General note Recomendado a partir de los 3 años.
505 ## - FORMATTED CONTENTS NOTE
Formatted contents note El cielo -- Las cosas para comer -- Las cosas que vuelvan -- Las cosas para pescar -- La piedra bajo la almohada
520 ## - SUMMARY, ETC.
Summary, etc. Es maravilloso tener un abuelo. Así piensa el niño protagonista de este libro. Él y su abuelo son vecinos y pasan mucho tiempo juntos. El niño reflexiona y pregunta sobre los misterios de la vida, y el abuelo le responde contándole historias.
650 ## - SUBJECT ADDED ENTRY--TOPICAL TERM
Topical term or geographic name entry element Cuentos infantiles
9 (RLIN) 3953
942 ## - ADDED ENTRY ELEMENTS (KOHA)
Source of classification or shelving scheme Dewey Decimal Classification
Koha item type Books
Existencias
Withdrawn status Lost status Source of classification or shelving scheme Damaged status Not for loan Collection code Home library Current library Date acquired Source of acquisition Total Checkouts Full call number Barcode Date last seen Date last checked out Copy number Koha item type
    Dewey Decimal Classification     Fiction Biblioteca Pública José María del Castillo y Rada Biblioteca Pública José María del Castillo y Rada 11/28/2019 Donación 4 C / MASa 201809095 11/24/2025 11/24/2025 Ej.1 Books